Models of teaching / (Record no. 6628)
[ view plain ]
| 000 -LEADER | |
|---|---|
| fixed length control field | 00543nam a22001937a 4500 |
| 003 - CONTROL NUMBER IDENTIFIER | |
| control field | OSt |
| 005 - DATE AND TIME OF LATEST TRANSACTION | |
| control field | 20240314101815.0 |
| 008 - FIXED-LENGTH DATA ELEMENTS--GENERAL INFORMATION | |
| fixed length control field | 240314b |||||||| |||| 00| 0 eng d |
| 020 ## - INTERNATIONAL STANDARD BOOK NUMBER | |
| International Standard Book Number | 9780135863480 |
| 040 ## - CATALOGING SOURCE | |
| Transcribing agency | n |
| 082 ## - DEWEY DECIMAL CLASSIFICATION NUMBER | |
| Classification number | 378.12 J88 1986 |
| 100 ## - MAIN ENTRY--PERSONAL NAME | |
| Personal name | Joyce, Bruce |
| 245 ## - TITLE STATEMENT | |
| Title | Models of teaching / |
| Statement of responsibility, etc. | Bruce R. Joyce, Marsha Weil |
| 250 ## - EDITION STATEMENT | |
| Edition statement | 3rd ed. |
| 260 ## - PUBLICATION, DISTRIBUTION, ETC. | |
| Name of publisher, distributor, etc. | Prentice-Hall, Englewood Cliffs, N.J., ©1986 |
| 300 ## - PHYSICAL DESCRIPTION | |
| Extent | ix, 518 pages : illustrations ; 24 cm |
| 650 ## - SUBJECT ADDED ENTRY--TOPICAL TERM | |
| Geographic subdivision | Teaching Simulations: Models |
| 942 ## - ADDED ENTRY ELEMENTS (KOHA) | |
| Source of classification or shelving scheme | Dewey Decimal Classification |
| Koha item type | English Book |
| Suppress in OPAC | No |
| Withdrawn status | Lost status | Source of classification or shelving scheme | Damaged status | Not for loan | Home library | Current library | Date acquired | Total Checkouts | Full call number | Barcode | Date last seen | Price effective from | Koha item type |
|---|---|---|---|---|---|---|---|---|---|---|---|---|---|
| Dewey Decimal Classification | CENTRAL | CENTRAL | 03/17/2024 | 378.12 J88 1986 | 1000000015855 | 03/17/2024 | 03/17/2024 | English Book |
